<?xml version="1.0" encoding="UTF-8"?>
<record
    xmlns:xsi="http://www.w3.org/2001/XMLSchema-instance"
    xsi:schemaLocation="http://www.loc.gov/MARC21/slim http://www.loc.gov/standards/marcxml/schema/MARC21slim.xsd"
    xmlns="http://www.loc.gov/MARC21/slim">

  <leader>00635nam a22001457a 4500</leader>
  <controlfield tag="003">OSt</controlfield>
  <controlfield tag="005">20150909150923.0</controlfield>
  <controlfield tag="008">150909b        xxu||||| |||| 00| 0 eng d</controlfield>
  <datafield tag="040" ind1=" " ind2=" ">
    <subfield code="c">RUA</subfield>
  </datafield>
  <datafield tag="082" ind1=" " ind2=" ">
    <subfield code="a">AGR &#x17A2;&#x17CA;&#x17BB;&#x1780; 1994 BOO8 Or.1</subfield>
  </datafield>
  <datafield tag="100" ind1=" " ind2=" ">
    <subfield code="9">182</subfield>
    <subfield code="a">&#x17A2;&#x17CA;&#x17BB;&#x1780; &#x178E;&#x17B6;&#x179C;&#x17BB;&#x1792;</subfield>
  </datafield>
  <datafield tag="245" ind1=" " ind2=" ">
    <subfield code="a">&#x1780;&#x17B6;&#x179A;&#x179C;&#x17B6;&#x1799;&#x178F;&#x17C6;&#x179B;&#x17C3;&#x1794;&#x1785;&#x17D2;&#x1785;&#x17C1;&#x1780;&#x1791;&#x17C1;&#x179F;&#x1795;&#x17D2;&#x1791;&#x17B6;&#x179B;&#x17CB;&#x1781;&#x17D2;&#x179B;&#x17BD;&#x1793;&#x179B;&#x17BE;&#x1780;&#x17B6;&#x179A;&#x1795;&#x179B;&#x17B7;&#x178F;&#x179F;&#x17D2;&#x179A;&#x17BC;&#x179C;&#x179F;&#x17D2;&#x179A;&#x17C4;&#x1785;&#x179F;&#x17D2;&#x179A;&#x1796; &#x1793;&#x17C5;&#x1797;&#x17BC;&#x1798;&#x17B7;&#x17A2;&#x178E;&#x17D2;&#x179B;&#x1784;&#x17CB;&#x179A;&#x17B6;&#x1787; &#x179F;&#x17D2;&#x179A;&#x17BB;&#x1780;&#x1780;&#x17C6;&#x1796;&#x1784;&#x17CB;&#x178F;&#x17D2;&#x179A;&#x1794;&#x17C2;&#x1780; &#x1781;&#x17C1;&#x178F;&#x17D2;&#x178F;&#x1796;&#x17D2;&#x179A;&#x17C3;&#x179C;&#x17C2;&#x1784;</subfield>
  </datafield>
  <datafield tag="300" ind1=" " ind2=" ">
    <subfield code="a">116p.</subfield>
    <subfield code="b">ill.</subfield>
    <subfield code="c">29cm.</subfield>
  </datafield>
  <datafield tag="942" ind1=" " ind2=" ">
    <subfield code="2">ddc</subfield>
    <subfield code="c">AGR</subfield>
  </datafield>
  <datafield tag="999" ind1=" " ind2=" ">
    <subfield code="c">162</subfield>
    <subfield code="d">162</subfield>
  </datafield>
  <datafield tag="952" ind1=" " ind2=" ">
    <subfield code="0">0</subfield>
    <subfield code="1">0</subfield>
    <subfield code="2">ddc</subfield>
    <subfield code="4">0</subfield>
    <subfield code="6">AGR_&#x17A2;&#x17BB;&#x1780;_1994_000000000000000_BOO8_OR_1</subfield>
    <subfield code="7">0</subfield>
    <subfield code="9">627</subfield>
    <subfield code="a">LBB</subfield>
    <subfield code="b">LBB</subfield>
    <subfield code="c">B008</subfield>
    <subfield code="d">2015-09-09</subfield>
    <subfield code="o">AGR &#x17A2;&#x17CA;&#x17BB;&#x1780; 1994 BOO8 Or.1</subfield>
    <subfield code="p">RUA003227</subfield>
    <subfield code="r">2015-09-09</subfield>
    <subfield code="w">2015-09-09</subfield>
    <subfield code="y">AGR</subfield>
  </datafield>
  <datafield tag="952" ind1=" " ind2=" ">
    <subfield code="0">0</subfield>
    <subfield code="1">0</subfield>
    <subfield code="2">ddc</subfield>
    <subfield code="4">0</subfield>
    <subfield code="6">AGR_&#x17A2;&#x17BB;&#x1780;_1994_000000000000000_BOO8_OR_2</subfield>
    <subfield code="7">0</subfield>
    <subfield code="9">628</subfield>
    <subfield code="a">LBB</subfield>
    <subfield code="b">LBB</subfield>
    <subfield code="c">B008</subfield>
    <subfield code="d">2015-09-09</subfield>
    <subfield code="o">AGR &#x17A2;&#x17CA;&#x17BB;&#x1780; 1994 BOO8 Or.2</subfield>
    <subfield code="p">RUA001836</subfield>
    <subfield code="r">2015-09-09</subfield>
    <subfield code="w">2015-09-09</subfield>
    <subfield code="y">AGR</subfield>
  </datafield>
  <datafield tag="952" ind1=" " ind2=" ">
    <subfield code="0">0</subfield>
    <subfield code="1">0</subfield>
    <subfield code="2">ddc</subfield>
    <subfield code="4">0</subfield>
    <subfield code="6">AGR_&#x17A2;&#x17BB;&#x1780;_1994_000000000000000_BOO8_OR_3</subfield>
    <subfield code="7">0</subfield>
    <subfield code="9">629</subfield>
    <subfield code="a">LBB</subfield>
    <subfield code="b">LBB</subfield>
    <subfield code="c">B008</subfield>
    <subfield code="d">2015-09-09</subfield>
    <subfield code="o">AGR &#x17A2;&#x17CA;&#x17BB;&#x1780; 1994 BOO8 Or.3</subfield>
    <subfield code="p">RUA001750</subfield>
    <subfield code="r">2015-09-09</subfield>
    <subfield code="w">2015-09-09</subfield>
    <subfield code="y">AGR</subfield>
  </datafield>
  <datafield tag="952" ind1=" " ind2=" ">
    <subfield code="0">0</subfield>
    <subfield code="1">0</subfield>
    <subfield code="2">ddc</subfield>
    <subfield code="4">0</subfield>
    <subfield code="6">AGR_&#x17A2;&#x17BB;&#x1780;_1994_000000000000000_BOO8_OR_4</subfield>
    <subfield code="7">0</subfield>
    <subfield code="9">630</subfield>
    <subfield code="a">LBB</subfield>
    <subfield code="b">LBB</subfield>
    <subfield code="c">B008</subfield>
    <subfield code="d">2015-09-09</subfield>
    <subfield code="o">AGR &#x17A2;&#x17CA;&#x17BB;&#x1780; 1994 BOO8 Or.4</subfield>
    <subfield code="p">RUA005236</subfield>
    <subfield code="r">2015-09-09</subfield>
    <subfield code="w">2015-09-09</subfield>
    <subfield code="y">AGR</subfield>
  </datafield>
  <datafield tag="952" ind1=" " ind2=" ">
    <subfield code="0">0</subfield>
    <subfield code="1">0</subfield>
    <subfield code="2">ddc</subfield>
    <subfield code="4">0</subfield>
    <subfield code="6">AGR_&#x17A2;&#x17BB;&#x1780;_1994_000000000000000_BOO8_OR_5</subfield>
    <subfield code="7">0</subfield>
    <subfield code="9">631</subfield>
    <subfield code="a">LBB</subfield>
    <subfield code="b">LBB</subfield>
    <subfield code="c">B008</subfield>
    <subfield code="d">2015-09-09</subfield>
    <subfield code="o">AGR &#x17A2;&#x17CA;&#x17BB;&#x1780; 1994 BOO8 Or.5</subfield>
    <subfield code="p">RUA001888</subfield>
    <subfield code="r">2015-09-09</subfield>
    <subfield code="w">2015-09-09</subfield>
    <subfield code="y">AGR</subfield>
  </datafield>
  <datafield tag="952" ind1=" " ind2=" ">
    <subfield code="0">0</subfield>
    <subfield code="1">0</subfield>
    <subfield code="2">ddc</subfield>
    <subfield code="4">0</subfield>
    <subfield code="6">AGR_&#x17A2;&#x17BB;&#x1780;_1994_000000000000000_BOO8_OR_6</subfield>
    <subfield code="7">0</subfield>
    <subfield code="9">632</subfield>
    <subfield code="a">LBB</subfield>
    <subfield code="b">LBB</subfield>
    <subfield code="c">B008</subfield>
    <subfield code="d">2015-09-09</subfield>
    <subfield code="o">AGR &#x17A2;&#x17CA;&#x17BB;&#x1780; 1994 BOO8 Or.6</subfield>
    <subfield code="p">RUA005235</subfield>
    <subfield code="r">2015-09-09</subfield>
    <subfield code="w">2015-09-09</subfield>
    <subfield code="y">AGR</subfield>
  </datafield>
  <datafield tag="952" ind1=" " ind2=" ">
    <subfield code="0">0</subfield>
    <subfield code="1">0</subfield>
    <subfield code="2">ddc</subfield>
    <subfield code="4">0</subfield>
    <subfield code="6">AGR_&#x17A2;&#x17BB;&#x1780;_1994_000000000000000_BOO8_OR_7</subfield>
    <subfield code="7">0</subfield>
    <subfield code="9">633</subfield>
    <subfield code="a">LBB</subfield>
    <subfield code="b">LBB</subfield>
    <subfield code="c">B008</subfield>
    <subfield code="d">2015-09-09</subfield>
    <subfield code="o">AGR &#x17A2;&#x17CA;&#x17BB;&#x1780; 1994 BOO8 Or.7</subfield>
    <subfield code="p">RUA005259</subfield>
    <subfield code="r">2015-09-09</subfield>
    <subfield code="w">2015-09-09</subfield>
    <subfield code="y">AGR</subfield>
  </datafield>
  <datafield tag="952" ind1=" " ind2=" ">
    <subfield code="0">0</subfield>
    <subfield code="1">0</subfield>
    <subfield code="2">ddc</subfield>
    <subfield code="4">0</subfield>
    <subfield code="6">AGR_&#x17A2;&#x17BB;&#x1780;_1994_000000000000000_BOO8_OR_8</subfield>
    <subfield code="7">0</subfield>
    <subfield code="9">634</subfield>
    <subfield code="a">LBB</subfield>
    <subfield code="b">LBB</subfield>
    <subfield code="c">B008</subfield>
    <subfield code="d">2015-09-09</subfield>
    <subfield code="o">AGR &#x17A2;&#x17CA;&#x17BB;&#x1780; 1994 BOO8 Or.8</subfield>
    <subfield code="p">RUA001830</subfield>
    <subfield code="r">2015-09-09</subfield>
    <subfield code="w">2015-09-09</subfield>
    <subfield code="y">AGR</subfield>
  </datafield>
</record>
